000
00263nam a22001097a 4500
008
160613b xxu||||| |||| 00| 0 eng d
020
_a
9780323051927
041
_a
eng
080
_a
618.2
245
_a
Guide to nursing diagnosis:
_c
Gail B. Ladwig;
942
_2
udc
_c
BK
999
_c
2495
_d
2495